The little woman / (Record no. 4659)

MARC details
000 -LEADER
fixed length control field 01493nam a22002537a 4500
001 - CONTROL NUMBER
control field 4659
003 - CONTROL NUMBER IDENTIFIER
control field FISKH
005 - DATE AND TIME OF LATEST TRANSACTION
control field 20240919103659.0
008 - FIXED-LENGTH DATA ELEMENTS--GENERAL INFORMATION
fixed length control field 240919b cb ||||| |||| 00| 0 eng d
020 ## - INTERNATIONAL STANDARD BOOK NUMBER
International Standard Book Number 9780802429865
040 ## - CATALOGING SOURCE
Original cataloging agency FISKH
Language of cataloging eng
Transcribing agency FISKH
Modifying agency FISKH
050 ## - LIBRARY OF CONGRESS CALL NUMBER
Classification number BV3427.A9
082 ## - DEWEY DECIMAL CLASSIFICATION NUMBER
Edition number 200
100 ## - MAIN ENTRY--PERSONAL NAME
Personal name Aylward, Gladys
Dates associated with a name (1902–1970)
245 ## - TITLE STATEMENT
Title The little woman /
Statement of responsibility, etc. Gladys Aylward with Christine Hunter
250 ## - EDITION STATEMENT
Edition statement Printing edition in 1974
260 ## - PUBLICATION, DISTRIBUTION, ETC.
Place of publication, distribution, etc. Chicago :
Name of publisher, distributor, etc. Moody,
Date of publication, distribution, etc. 1974.
300 ## - PHYSICAL DESCRIPTION
Extent 153 pages :
Dimensions 18cm
520 ## - SUMMARY, ETC.
Summary, etc. Biography & Autobiography. Religion & Spirituality. Nonfiction. HTML:<br/>A solitary woman. A foreign country. An unknown language. An impossible dream? No.<br/><br/>With no mission board to support or guide her, and less than ten dollars in her pocket, Gladys Aylward left her home in England to answer God's call to take the message of the gospel to China. With the Sino-Japanese War waging around her, she struggled to bring the basics of life and the fullness of God to orphaned children. Time after time, God triumphed over impossible situations, and drew people to Himself. The Little Woman tells the story of one woman's determination to serve God at any cost. With God all things are possible!<br/><br/>A true story of a determined missionary, Gladys Aylward : The Little Woman will challenge you to bold and expectant faith.<br/>
650 ## - SUBJECT ADDED ENTRY--TOPICAL TERM
Source of heading or term Missions
Topical term or geographic name entry element Missionaries
650 ## - SUBJECT ADDED ENTRY--TOPICAL TERM
Source of heading or term Gladys Aylward
Topical term or geographic name entry element Biographies
942 ## - ADDED ENTRY ELEMENTS (KOHA)
Source of classification or shelving scheme Dewey Decimal Classification
Koha item type Books
Suppress in OPAC No
Holdings
Withdrawn status Lost status Source of classification or shelving scheme Damaged status Not for loan Collection Home library Current library Shelving location Date acquired Total Checkouts Full call number Barcode Date last seen Copy number Price effective from Koha item type
    Dewey Decimal Classification     Fiction Footprints International School Library Network Toul Kork Campus Footprints International School Library Network Toul Kork Campus TTP Secondary Fiction Bookshelves 09/19/2024   AYL 200 BV3427.A9 2024-2029 09/19/2024 1 09/19/2024 Books